000 00654nam a2200241Ia 4500
003 OSt
005 20221007080052.0
006 a|||||r|||| 00| 0
007 ta
008 221006b |||||||| |||| 00| 0 eng d
020 _a8120720490
024 _a9,186
037 _cTextual
040 _aFLL
_cFLL
_beng
041 _2eng
_aeng
082 _aY59270aX:95:.2.N7, M5
100 _aBedi Kiran
245 0 _aIt's always possible
260 _aNew Delhi
_bSterling Publishers Private Limited India
_c1998
300 _axvi,400p
_ccm.
942 _hY59270aX:95:.2.N7, M5
_cTEXL
_2CC
999 _c1158272
_d1158272